| 000 | 01224nam a2200325Ia 4500 | ||
|---|---|---|---|
| 001 | ebr10448393 | ||
| 003 | CaPaEBR | ||
| 006 | m u | ||
| 007 | cr cn||||||||| | ||
| 008 | 110317s2011 enka s 001 0 eng d | ||
| 020 | _z9781849513340 | ||
| 020 | _z9781849513357 | ||
| 040 |
_aCaPaEBR _cCaPaEBR |
||
| 035 | _a(OCoLC)715153693 | ||
| 050 | 1 | 4 |
_aHD30.2 _b.B47 2011eb |
| 100 | 1 | _aBergljung, Martin. | |
| 245 | 1 | 0 |
_aAlfresco 3 business solutions _h[electronic resource] / _cMartin Bergljung. |
| 260 |
_aBirmingham, U.K. : _bPackt Publishing Ltd., _cc2011. |
||
| 300 |
_a582 p. : _bill. |
||
| 500 | _aIncludes index. | ||
| 533 |
_aElectronic reproduction. _bPalo Alto, Calif. : _cebrary, _d2011. _nAvailable via World Wide Web. _nAccess may be limited to ebrary affiliated libraries. |
||
| 650 | 0 |
_aCommercial documents _xData processing. |
|
| 650 | 0 | _aWeb site development. | |
| 650 | 0 | _aDatabase management. | |
| 650 | 0 |
_aDigital media _xManagement. |
|
| 650 | 0 | _aInformation resources management. | |
| 655 | 7 |
_aElectronic books. _2local |
|
| 710 | 2 | _aebrary, Inc. | |
| 856 | 4 | 0 |
_uhttp://site.ebrary.com/lib/rucke/Doc?id=10448393 _zAn electronic book accessible through the World Wide Web; click to view |
| 999 |
_c137709 _d137709 |
||